General Chemistry: Principles and Structure

Bibliographic Details
Main Authors: Brady, James E, Humisto, Gerard E
Format: Section = Libro
Language:Undetermined
Spanish
Published: New York John Wiley & Sons 1975
Subjects:
LEADER 00537nam a2200205Ia 4500
008 240830s9999 xx 000 0 und d
020 |a 0-471-09530-3 
040 |a CEDOC FIQ-RUSB / 540 B821 
041 |a spa 
082 |a 540 B821 
100 1 |a Brady, James E 
100 1 |b Humisto, Gerard E 
245 1 0 |a General Chemistry: Principles and Structure 
260 |a New York  |b John Wiley & Sons  |c 1975 
300 |a 733 p.: il. 
650 7 |a QUÍMICA GENERAL 
650 7 |b  EL ÁTOMO DE GRAM 
942 |c BK  |2 ddc 
991 |a TEXTO 
999 |c 13800